| 000 | 00786nam a2200253 a 4500 | ||
|---|---|---|---|
| 008 | |||
| 020 | _a8170001765 (hbk.) | ||
| 049 | _aMAIN | ||
| 090 |
_aZ675.U5 _bVEN |
||
| 100 | 1 | _aVenkataramana, V. | |
| 245 | 1 | 0 |
_aPattern and development of university libraries / _cV. Venkataramana. |
| 260 |
_aNew Delhi : _bEss Ess Publications, _cc1995. |
||
| 300 |
_a234 p. ; _c22 cm. |
||
| 500 | _aPreface by "Dr. V. Venkata Ramana." | ||
| 500 | _aIncludes index. | ||
| 504 | _aIncludes bibliographical references. | ||
| 650 | 0 |
_aAcademic libraries _zIndia _xHistory. |
|
| 650 | 0 |
_aLibraries _zIndia _xHistory. |
|
| 907 |
_a.b10204283 _b08-11-10 _c02-06-06 |
||
| 003 | |||
| 005 | 20230123134218.0 | ||
| 040 | _cNUST | ||
| 942 |
_cBOOKS _kZ675.U5 _mVEN |
||
| 999 |
_c161974 _d161974 |
||